World Wide Web database developer's guide [+CD] (Record no. 9556)
[ view plain ]
| 000 -LEADER | |
|---|---|
| fixed length control field | 00451nam a2200181Ia 4500 |
| 001 - CONTROL NUMBER | |
| control field | 8186 |
| 008 - FIXED-LENGTH DATA ELEMENTS--GENERAL INFORMATION | |
| fixed length control field | 140324s9999 xx 000 0 und d |
| 020 ## - INTERNATIONAL STANDARD BOOK NUMBER | |
| International Standard Book Number | 1-57521-048-7 |
| 040 ## - CATALOGING SOURCE | |
| Transcribing agency | PK-LaUMT |
| 082 ## - DEWEY DECIMAL CLASSIFICATION NUMBER | |
| Classification number | 004.67 |
| Item number | SWA-W |
| 100 ## - MAIN ENTRY--PERSONAL NAME | |
| Personal name | Kittel, Drew, J.A. |
| 245 ## - TITLE STATEMENT | |
| Title | World Wide Web database developer's guide [+CD] |
| Statement of responsibility, etc | Kittel, Drew, J.A.<>Swank, Mark |
| 260 ## - PUBLICATION, DISTRIBUTION, ETC. (IMPRINT) | |
| Date of publication, distribution, etc | 1996 |
| 300 ## - PHYSICAL DESCRIPTION | |
| Extent | 782 p. |
| 546 ## - LANGUAGE NOTE | |
| Language note | EN |
| 700 ## - ADDED ENTRY--PERSONAL NAME | |
| Personal name | Swank, Mark |
| 942 ## - ADDED ENTRY ELEMENTS (KOHA) | |
| Koha item type | Books |
| Withdrawn status | Lost status | Source of classification or shelving scheme | Damaged status | Not for loan | Home library | Current library | Date acquired | Total Checkouts | Full call number | Barcode | Checked out | Date last seen | Date checked out | Price effective from | Koha item type |
|---|---|---|---|---|---|---|---|---|---|---|---|---|---|---|---|
| Dewey Decimal Classification | UMT Main Campus | UMT Main Campus | 2014-03-24 | 1 | 004.67 SWA-W | 9009 | 2020-01-13 | 2019-12-30 | 2019-12-30 | 2014-03-24 | Books | ||||
| Dewey Decimal Classification | UMT Main Campus | UMT Main Campus | 2014-06-03 | 1 | 004.67 SWA-W | 9147 | 2020-01-07 | 2019-12-24 | 2019-12-24 | 2014-06-03 | Books |
